Štatistická analýza vybraných ukazovateľov z oblasti kriminality na Slovensku a porovnanie so zahraničím diplomová práca

Saved in:
Bibliographic Details
Main Author: Mihaliaková, Ľubica
Corporate Author: Fakulta hospodárskej informatiky EU. Katedra štatistiky
Other Authors: Hurbánková, Ľubica, 1980-
Format: Book
Language:Slovak
Published: Bratislava 2023
Tags: Add Tag
No Tags, Be the first to tag this record!

MARC

LEADER 00000nbm a2200000 4500
001 0294030
005 20240311144859.8
041 0 |a slo 
044 |a SK 
245 1 0 |a Štatistická analýza vybraných ukazovateľov z oblasti kriminality na Slovensku a porovnanie so zahraničím  |b diplomová práca  |c Ľubica Mihaliaková ; školiteľ: Ľubica Hurbánková 
264 1 |a Bratislava  |c 2023 
300 |a 83 s. 
100 1 |a Mihaliaková, Ľubica 
700 1 |a Hurbánková, Ľubica, 1980- 
710 2 |a Fakulta hospodárskej informatiky EU. Katedra štatistiky